000
00275nam a22001217a 4500
082
_a
021 JOS
100
_a
JOSEY, E
245
_a
What black Librarians are Saying.
260
_b
The Scarecrow Press
300
_a
vii,317p
_b
ill.;21cm
500
_a
include index
942
_c
BK
999
_c
19143
_d
19143